000 00981cam a2200301 a 4500
001 25493
003 BD-RjUL
005 20211209050904.0
008 140318s1994 miub b 001 0 eng
020 _a8122900232 ( Hard ed.)
020 _a8122900240 ( Paper Back)
035 _a(BD-RjUL)25563
035 _a2171795
040 _aLC
_beng
_cLC
_dNNCU:A
_dWCX
_dNUN
_dBD-RjUL
041 _aeng
082 0 0 _a950
_221
_bPEF 1994
100 1 _aPeffer, Nathaniel,
_d1890-
_978412
245 1 4 _aThe Far East :
_ba modern history /
_cby Nathaniel Peffer.
260 _aAnn Arbor,
_bUniversity of Michigan Press
_c1994.
300 _avi, 489 p. :
_bmaps. ;
_c24 cm.
490 1 _aThe University of Michigan history of the modern world
504 _aIncludes Bibliography: p. [483]-489 and index.
651 0 _aEast Asia
_xHistory.
_978413
830 4 _aThe University of Michigan history of the modern world.
_978414
942 _2ddc
_cBK
999 _c25493
_d25493